000 00622nam a2200277Ia 4500
005 20260324121835.0
008 008 260324s9999 xx 000 0 eng d
020 _a9780203082928
037 _aEBOOK
040 _aCRL
040 _beng
040 _cCRL
041 _2eng
041 _aeng
084 _qCRL
100 _aPhilip Purvis
_91164085
245 0 _aMasculinity in Opera
260 _bTaylor and Francis
260 _c2013
365 _a
365 _b255
856 _uhttp://www.taylorfrancis.com/books/9780203082928
942 _cEBOOK
999 _c1756432
_d1756432